000 01632nam a2200481Ii 4500
001 sjds2124468
003 sjds
005 20251119023057.0
008 851022t19841984xx a b 000 1 eng d
020 _a0590468944 (Scholastic pbk.)
020 _a0859538427 (lib. bdg.)
020 _a0859531821
020 _a0859530124 (pbk.)
020 _a9780859531825
020 _a9780859530125 (pbk.)
020 _a9780859530125
035 _a(OCoLC)12706338
035 _a1120959
035 _a1120959
035 _a2124468
040 _aBOA
_beng
_erda
_cBOA
_dIFA
_dUtOrBLW
041 _aeng
049 _aIFAA
099 _f1984
100 1 _aWood, Don,
_d1945-
_eauthor.
245 1 4 _aThe little mouse, the red ripe strawberry, and the big hungry bear /
_cby Don and Audrey Wood ; illustrated by Don Wood.
246 3 8 _aBig hungry bear
260 _a[Place of publication not identified] :
_bChild's Play (International),
_cc1984
264 1 _a[Place of publication not identified] :
_bChild's Play (International),
_c[1984]
264 4 _cc1984
300 _a29 unnumbered pages :
_billustrations ;
_c28 cm
336 _atext
_btxt
_2rdacontent
337 _aunmediated
_bn
_2rdamedia
338 _avolume
_bnc
_2rdacarrier
520 _aLittle Mouse worries that the big, hungry bear will take his freshly picked, ripe, red strawberry for himself.
521 8 _a510L
_bLexile
526 0 _aAccelerated Reader
_bLG
_c1.5
_d0.5
_z106243
526 0 _aAccelerated Reader AR
_bLG
_c1.5
_d0.5
_z106243.
526 0 _aLexile
650 0 _aMice
_vJuvenile fiction.
942 _cBK
999 _c31188
_d31186
999 _bPICTURE BOOKS WOOD 1984